=LDR 00000nam 2200000 4500 =001 INLIS000000000809705 =008 ###################################ind## =035 ##$$a 0010-0825000198 =245 ##$$a Flora Yang Menakjubkan / $c Muhammad khalid =260 ##$$b Habsa =020 ##$$a 497994157616 =084 ##$$a 530 LID f =082 ##$$a 530